000 00962nam a2200265Ia 4500
003 OSt
005 20221005111352.0
006 a|||||r|||| 00| 0
007 ta
008 221004b |||||||| |||| 00| 0 hin d
020 _a9788170556039 (hbk)
_cINR 395.00
024 _a43384
037 _bGV/792, 21/02/2019, Vani Prakashan
_cTextual
040 _aCRL
_cCRL
_bhin
041 _2hin
_ahin
082 _aNT:g, 152N8
100 _aपंडित, विजय, ले.
245 0 _aरंगमंच और स्वाधीनता - आंदोलन
246 _aRangamancha aur swādhīnatā - āandolana
260 _aनई दिल्ली
_bवाणी प्रकाशन भारत
_c2018
300 _a117पृ0
_ccm.
650 _aललित कला
_9156314
942 _hNT:g, 152N8
_cTEXL
_2cc
999 _c1021625
_d1021625